000 00637nam a2200193Ia 4500
003 GCL
008 140319s9999 xx 000 0 ara d
040 _aGCL /
_cGCL
082 0 4 _a158
_bم ع
100 1 _aمحمد محروس الشناوى
245 1 0 _aالعملية الارشادية /
_cمحمد محروس الشناوى
300 _a550 ص
490 _aموسوعة الارشاد والعلاج النفسى
_v0
650 0 4 _aالاختبارات النفسية
650 0 4 _aالاختبارات الشخصية
650 0 4 _aالارشاد النفسى
650 0 4 _aالعيادات النفسية
942 _2ddc
_cBK
999 _c47690
_d47690